00580 2200169 4500245004400000020002200044250001100066100001900077650001700096005001900113260003000132041001400162084001100176300002300187500019100210336000900401 aStand Night War !cNisrina HaqquehText a978-602-407-251-3 aCet. 1 aNisrina Haqque aNovel Remaja a20231002091244 aYogyakartabLaksanac2017 aIndonesia a808.83 a252 hlm. :c19 cm. aRere nggak terima. Rio, salah satu sahabatnya sejak SMP, berubah cuma karena dia jadian sama lilin si nenek lampir. Padahal, kan, lilin sudah dicap menjadi musuh bersama mereka berempat. atext